000
00254nam a2200097Ia 4500
008
240331s9999 xx 000 0 und d
082
_b
JAM
100
_a
Jameel, S.H.M. ed;Hussein, Asiff. ed
245
4
_a
The muslim heritage of eastern Sri Lanka
942
_c
L
999
_c
5864
_d
5864